Sivá literatúra vo vedeckých a akademických knižniciach SR. /

Uložené v:
Podrobná bibliografia
Hlavný autor: Mandysová, Marta (Adapter)
Médium: Kniha
Jazyk:Slovak
Vydané: Bratislava : Slovenská technická knižnica-Centrum VTI SR, 1996
Vydanie:1. vyd.
Témy:
ISBN: (brož.)
Fyzický popis: 22 s.
Tagy: Pridať tag
Žiadne tagy, Buďte prvý kto otaguje tento záznam!

MARC

LEADER 00000nam a2200000 a 4500
001 000028821
003 SVKK
005 19990609000000.0
008 980129s1996 xo e sloo
020 |a (brož.) 
040 |a SVKKK  |b slo  |c SVKKK  |e AACR2 
041 0 |a slo 
044 |a xo  |c SK 
080 |a 025.2  |2 1997 
080 |a 027.7(437.6)  |2 1997 
080 |a 027.021(437.6)  |2 1997 
245 0 0 |a Sivá literatúra vo vedeckých a akademických knižniciach SR. /  |c Sprac. Marta Mandysová 
250 |a 1. vyd. 
260 |a Bratislava :  |b Slovenská technická knižnica-Centrum VTI SR,  |c 1996 
300 |a 22 s. 
653 0 |a literatúra sivá  |2 SVKKKPH 
653 0 |a fondy knižničné  |2 SVKKKPH 
653 0 |a získavanie  |2 SVKKKPH 
655 7 |a monografie  |2 SVKKKPH 
700 1 |a Mandysová, Marta  |4 adp 
910 |a svkkk 
974 |a MI  |d 19980217 
974 |a PA  |d 19980403 
974 |a MI  |d 19990609 
998 |a BK 
090 |g SCKHL  |k ODSF - kancelária 1  |a V.201158  |j 914830  |i 28821-10  |s Príručka / Študovňa